000 00258nam a2200097Ia 4500
008 120527s9999 xx 000 0 und d
100 _aIJIOMAH,M.I
245 _aAn introduction to farm management and accounting.
260 _bSmartlink Publisher
942 _cBK
999 _c24127
_d24127